[Event "POL-ch 59th"]
[Site "Warsaw"]
[Date "2002.04.29"]
[Round "1"]
[White "Macieja, Bartlomiej"]
[Black "Lagowski, Patryk"]
[Result "1-0"]
[WhiteElo "2584"]
[BlackElo "2321"]
[Annotator "Bangiev,A"]
[PlyCount "111"]
[EventDate "2002.04.29"]
[EventType "tourn"]
[EventRounds "13"]
[EventCountry "POL"]
[EventCategory "10"]
[SourceTitle "CBM 089"]
[Source "ChessBase"]
[SourceDate "2002.08.12"]
[SourceVersion "1"]
[SourceVersionDate "2002.08.12"]
[SourceQuality "1"]

1. e4 c5 2. Nc3 d6 3. f4 g6 4. Nf3 Bg7 5. Bc4 Nc6 6. d3 e6 7. O-O Nge7 8. Qe1
h6 9. a3 {"Spezialität" Macieja. Weiß beabsichtigt damit den Läufer c4, der
eine wichtige Rolle z.B. bei einem Königsangriff spielen kann, behalten zu
können.} b6 (9... a6 10. Ba2 b5 11. Kh1 Rb8 12. e5 Nf5 13. exd6 Nxd6 14. Ne4
Nxe4 15. dxe4 O-O 16. c3 c4 17. Be3 Qc7 {1/2-1/2 Macieja,B-Hansen,S/Istanbul
2000/EXT 2001 (51)}) 10. Bb3 $5 {[%mdl 8] Ein bemerkenswerter Zug, der eine
Neuerung darstellt. Weiß bereitet sich u.a. auf den Vorstoß d5 vor; er will
dann e4-e5 spielen können.} (10. Kh1 Bb7 11. Rb1 Qd7 12. b4 O-O 13. bxc5 bxc5
14. Bd2 Nd4 15. Nxd4 cxd4 16. Ne2 d5 17. Bb5 Bc6 {1/2-1/2 Macieja,B-Sadler,M/
Elista 1998/CBM 66 ext (30)}) 10... Bb7 11. Kh1 Qd7 12. Bd2 O-O-O {Eine
umstrittene Entscheidung: dem Weißen fällt es nicht schwer, das Spiel am
Damenflügel zu öffnen.} 13. Ba4 $1 a6 14. b4 $1 {Weiß ergreift sofort die
Initiative. Das dazugehörige Bauernopfer wird durch die offenen Linie belohnt.}
b5 15. Bb3 cxb4 16. axb4 Nxb4 17. Rc1 {Dem Weißen stehen hier viele
Möglichkeiten zur Verfügung. Mit dem Partiezug will Weiß durch Ne2 und c4 die
c-Linie öffnen.} (17. d4 Nbc6) 17... Nbc6 18. Ne2 d5 (18... f5 $5 19. c4 $1
fxe4 20. dxe4 b4 $13) 19. exd5 Nxd5 (19... exd5 {wäre eine gute Alternative,
vor allem darum, dass Schwarz im Zentrum und auf e-Linie zum Gegenspiel kommen
konnte.} 20. Qf2 Rhe8 21. c4 bxc4 22. dxc4 d4 23. Ba4 $13) 20. c4 $1 Nc7 21.
cxb5 (21. d4 $5 Kb8 (21... Bxd4 $2 22. cxb5) 22. Ne5 Qe8 23. Be3 $36) 21...
Nxb5 22. Ba5 Rde8 23. Nc3 {[%mdl 512] Noch ein Bauernopfer. Weiß beginnt eine
Aktion, bei der er Figuren tauschen will.} (23. Ne5 Bxe5 24. fxe5 Kb8 (24...
Qxd3 25. Nc3 {wäre Zugumstellung}) 25. Bc4 $14) (23. d4 $5 Kb8 24. Ne5 {
wäre eine gute positionelle Alternative.}) 23... Kb8 (23... Qxd3 24. Ne5 Bxe5
25. fxe5 $36) 24. Nxb5 axb5 25. Bc3 (25. Ne5 Bxe5 26. fxe5 Rc8 {Der
schwarzfeldrige Läufer des Weißen stünde am besten auf d6, wie kommt er dahin?}
27. Bc3 (27. Bb6 Nd4) 27... Nd4 $132) 25... Bxc3 26. Qxc3 Rc8 27. Qc5 Rhd8 (
27... Qxd3 28. Ne5 Nxe5 29. Qxe5+ Ka7 30. Ra1+ Kb6 31. Rfd1 $16) 28. Qxb5 Qxd3
{Es scheint so zu sein, dass Schwarz das Schlimmste überstanden hatte?! Nein,
nicht ganz. Der schwarze König ist immer noch im Visier der weißen Figuren.}
29. Qb6 Qa6 30. Qf2 Qa3 31. Rb1 Na5 32. Ra1 Qc5 33. Qa2 Nxb3 34. Qxb3 g5 $5 (
34... Qd5 35. Qa4) 35. Rfb1 Rc7 36. Qa2 Kc8 37. Ne5 Qd5 38. Qb2 {/\Ra8} Kb8 $1
{Schwarz dominiert im Zentrum und am Königsflügel.} 39. fxg5 hxg5 40. Qe2 f6
41. Ng4 f5 42. Ne5 Qe4 $2 {Schwarz verliert die Kontrolle über das wichtige
Feld a2.} (42... Qd2 43. Qf3 Rc1+ 44. Rxc1 Bxf3 45. gxf3 Rd6 $11) 43. Qa2 $1
$16 Kc8 44. Qxe6+ Kb8 45. Qa2 Kc8 46. Re1 Qd5 47. Qf2 f4 48. h3 Qd4 49. Qe2 Qd2
$2 50. Qg4+ Kb8 51. Rad1 $18 Qxg2+ 52. Qxg2 Bxg2+ 53. Kxg2 Rc2+ 54. Kg1 Rh8 55.
Rb1+ Ka7 56. Rb3 1-0

[Event "St Petersburg-ch"]
[Site "St Petersburg"]
[Date "2002.04.22"]
[Round "6"]
[White "Ivanov, Sergey"]
[Black "Popov, Valerij"]
[Result "1/2-1/2"]
[WhiteElo "2546"]
[BlackElo "2593"]
[Annotator "Bangiev,A"]
[PlyCount "41"]
[EventDate "2002.04.16"]
[EventType "tourn"]
[EventRounds "9"]
[EventCountry "RUS"]
[EventCategory "9"]
[SourceTitle "CBM 089"]
[Source "ChessBase"]
[SourceDate "2002.08.12"]
[SourceVersion "1"]
[SourceVersionDate "2002.08.12"]
[SourceQuality "1"]

1. e4 c5 2. Nc3 a6 3. f4 b5 4. Nf3 Bb7 5. d3 e6 6. g3 d5 7. Bg2 (7. exd5 exd5
8. d4 Nf6 9. Bg2 Be7 10. O-O O-O 11. Kh1 Ne4 {0-1 Starostits,I-Ksieski,Z/
Leutersdorf 2002/(36)}) (7. e5 Nc6 8. Bg2 Nge7 9. O-O h5 10. Be3 Nf5 11. Bf2
Be7 12. a3 Qd7 {1/2-1/2 Cardenas Valero,J-De la Riva Aguado,O/Palencia 1999/
(63)}) 7... b4 $1 {[%mdl 8] Ein logischer und starker Zug, der merkwürdiger
Weise hier eine Neuerung (!!) darstellt.} (7... d4 8. Ne2 Nf6 9. O-O Nc6 10. h3
h5 $5 11. Nh4 Be7 12. f5 $36 {0-1 Theodorakopoulos,G-Mastrovasilis,A/Poros
1998/(43)}) (7... Nf6 8. e5 d4 9. Ne2 (9. exf6 dxc3 10. bxc3 Qxf6 11. Bd2 Bd6
$15) 9... Nd5 10. O-O Nc6 $132 {0-1 Van der Veen,J-Remmel,T/Dieren 1998/(28)})
8. Na4 {Da Pe4 bedroht ist, kann der Springer nicht auf e2 ziehen. Nun stellt
sich die Frage, ob Schwarz die hilflose Position des Na4 nicht ausnutzen
konnte.} (8. Ne2 $6 dxe4 9. Ng5 exd3 (9... Nf6 10. O-O c4 $5 $36) (9... Bc6 10.
Bxe4 (10. Nxe4 $2 f5) (10. dxe4 Qxd1+ 11. Kxd1 Nf6 $17) 10... Nf6 $132) 10.
Bxb7 Ra7 11. Nxf7 (11. Bg2 dxe2 12. Qxe2 Nf6 $15) 11... Kxf7 12. Bg2 (12. Be4
Nf6 13. Bxd3 Qd5 $17) 12... c4 $15) 8... Nf6 9. exd5 $5 {Mit der Absicht den
Pc5 zu schwächen und den Na4 ins Spiel bringen zu können.} (9. e5 Nfd7 $15 {
Man beachte den Na4.}) 9... Nxd5 (9... exd5 10. Qe2+ Qe7 11. Ne5 Nc6 12. O-O
$36) 10. O-O Be7 (10... Bc6 $6 11. c4) 11. c4 $1 {Ein starker Zug, der Schwarz
zu Zugeständnissen im Zentrum zwingen sollte.} bxc3 (11... Nf6 12. Be3 $36) 12.
bxc3 O-O 13. Rb1 Bc6 14. Bd2 {Mit dem Springer auf c4 (anstatt auf a4) stünde
Weiß sogar besser.} Nd7 (14... Qa5 {Dies wäre die kritische Stellung der
Variante 8...b4.} 15. Nb2 (15. c4 Nb4 16. a3 Bxa4 17. axb4 cxb4 $17) 15... Qxa2
16. Ne5 (16. Nc4 Qa4 17. Nfe5 Qxd1 18. Rfxd1) 16... Bf6 17. Nec4 {und die
schwarze Dame ist auf a2 in Gefahr.}) 15. Qc2 (15. Nb2 Bf6 16. Qc2) 15... Qc7 (
15... Qa5 $6 16. Nb2 Qxa2 $2 17. Ra1) 16. Nb2 Rab8 17. Nc4 Rxb1 18. Rxb1 Bf6
19. Re1 Rb8 20. Nfe5 Bxe5 21. Nxe5 1/2-1/2

[Event "EU-Cup 18th"]
[Site "Kallithea"]
[Date "2002.09.23"]
[Round "2.2"]
[White "Polzin, Rainer"]
[Black "Huzman, Alexander"]
[Result "0-1"]
[WhiteElo "2462"]
[BlackElo "2591"]
[Annotator "Bangiev,A"]
[PlyCount "76"]
[EventDate "2002.09.22"]
[EventType "team-swiss"]
[EventRounds "7"]
[EventCountry "GRE"]
[SourceTitle "CBM 092"]
[Source "ChessBase"]
[SourceDate "2003.02.06"]
[SourceVersion "1"]
[SourceVersionDate "2003.02.06"]
[SourceQuality "1"]
[WhiteTeam "Berlin SF"]
[BlackTeam "Beer Sheva"]
[WhiteTeamCountry "GER"]
[BlackTeamCountry "ISR"]

1. e4 c5 2. Nc3 d6 3. f4 Nc6 4. Nf3 g6 5. Bc4 Bg7 6. O-O e6 7. d3 Nge7 8. Qe1
O-O 9. f5 d5 10. Bb3 dxe4 11. f6 $5 (11. dxe4 {ist eine Alternative}) 11...
exf3 {[%mdl 8] Eine Neuerung, Schwarz gewinnt damit zwei Tempi. Ein Nachteil
besteht allerdings in der Schwächung der schwarzen Felder. Hier wurde früher
11...Bf6 gespielt.} 12. fxg7 (12. Rxf3 Nd4 13. Rf1 Bh8 14. fxe7 Qxe7 $17) 12...
Kxg7 13. Rxf3 Nd4 14. Rf1 Ng8 {Schwarz möchte kein Risiko eingehen, deckt
damit zuerst das schwache Feld f6. Warum?} (14... b6 {/\Bb7 Dies wäre eine
logische Fortsetzung.} 15. Qe4 (15. Ne4 f6 16. c3 (16. Nxf6 Rxf6 17. Rxf6 Kxf6
18. Qh4+ Kg7 19. Bh6+ Kf7 20. Rf1+ (20. Bg5 h6 21. Qxh6 Qg8) 20... Ndf5 21. Qe4
Qd4+ 22. Be3 Qxe4 23. dxe4 Ba6 $17) 16... Nxb3 17. axb3 Qxd3 18. Rxf6 Rxf6 19.
Bh6+ Kf7 (19... Kxh6 20. Qh4+ Kg7 21. Qxf6+ $18) 20. Nxf6 Kxf6 21. Qh4+ Kf7 22.
Bg5 Kg8 23. Bxe7 Bb7 $17) (15. Bg5 f6) (15. Qe5+ f6) 15... Nxb3 16. axb3 Qd4+
17. Be3 $5 (17. Qxd4+ cxd4 18. Nb5 Nc6 19. Bg5 (19. Nc7 Rb8 20. Bg5 f5) 19...
f5 (19... f6 20. Nc7 Rb8 21. Bxf6+) 20. Bf4 e5 $17) 17... Qxe4 18. dxe4) 15.
Ne4 (15. Qe5+ f6 16. Qxc5 Nxb3 (16... e5 17. Bxg8 (17. Bd2 b6 18. Qd5 $13)
17... Nxc2 18. Bd5 Nxa1 19. Qf2 $16) 17. axb3 a6 (17... b6 18. Qc6) 18. Ra4 e5
19. Rb4 Ne7 20. Rb6 $36) 15... b6 16. c3 Nxb3 17. axb3 f6 $17 {Schwarz hat die
wichtigen schwarzen Felder gesichert und besitzt nun mit einem Mehrbauern klar
die besseren Chancen.} (17... Qxd3 18. Nf6 $1 Nxf6 19. Qe5 Kg8 20. Bh6 (20.
Qxf6 Qd8) 20... Ne8 21. Bxf8 Kxf8 22. Rad1 Qc2 23. Qh8+ Ke7 24. Qxh7 $16) 18.
d4 Bb7 19. dxc5 Qd5 20. Ra4 e5 (20... f5 21. Rd4 Qc6 22. Qd2 $5 fxe4 (22... Rf7
23. Ng5) 23. Rd7+ Kh8 24. Qd4+ e5 25. Qxe5+ Nf6 26. Rc7 $13) 21. Rf2 Qxb3 22.
Rb4 Qe6 23. cxb6 axb6 24. Be3 Bxe4 25. Rxe4 Ne7 $17 26. g4 Qc6 27. Rf1 g5 28.
Bc1 Ng6 29. Qe2 b5 30. Rb4 Rfb8 31. Be3 Ra4 32. Rxa4 bxa4 33. Rd1 Rb7 34. Qg2
Qxg2+ 35. Kxg2 Nh4+ 36. Kg3 Rxb2 37. Ra1 Rg2+ 38. Kh3 Rc2 0-1

[Event "EU-ch 3rd"]
[Site "Batumi"]
[Date "2002.06.23"]
[Round "11"]
[White "Radulski, Julian"]
[Black "Shanava, Konstantine"]
[Result "1-0"]
[WhiteElo "2501"]
[BlackElo "2390"]
[Annotator "Bangiev,A"]
[PlyCount "81"]
[EventDate "2002.06.12"]
[EventType "swiss"]
[EventRounds "13"]
[EventCountry "GEO"]
[SourceTitle "CBM 090"]
[Source "ChessBase"]
[SourceDate "2002.09.20"]
[SourceVersion "1"]
[SourceVersionDate "2002.09.20"]
[SourceQuality "1"]

1. e4 c5 2. Nc3 d6 3. f4 Nf6 4. Nf3 a6 5. d3 Nc6 6. h3 $5 g6 7. g4 $5 {[%cal
Yc2e4,Ye4f5,Yh3f5][%mdl 32] Weiß verfolgt einen aktiven, völlig korrekten
strategischen Plan. Er ist bestrebt vor allem den Spielraum c2-f5-h3 zu
sichern, wo er seine Figuren platzieren möchte.} Bg7 8. Bg2 O-O 9. O-O Nd7 10.
f5 $1 e6 $6 (10... Nd4 11. Bf4 b5 12. Qd2 b4 13. Nd1 $14) 11. Bg5 Qc7 12. Qd2
b5 13. Bh6 {Den Läufer g7 zu tauschen ist ein wichtiges strategisches Ziel des
Weißen.} b4 {Ein aktiver und für derartige Positionen typischer Vorstoß am
Damenflügel, kommt hier aber zu spät.} 14. Bxg7 $1 Kxg7 15. Ne2 $1 {Eine
kleine Feinheit: Der Abtausch auf g7 erlaubte dem Weißen den Springer auf e2
zu platzieren. In der Regel muss der Springer wegen der Schwächung des Pb2
nach d1.} e5 (15... Bb7 16. Nf4 $5) 16. Ng3 Ne7 $2 {Dies ist schwer zu
begründen.} (16... f6 17. Rf2 {/\Raf1} Bb7 18. Raf1 $36) 17. Rf2 f6 18. Raf1
gxf5 19. exf5 (19. Ng5 $1 Nb6 (19... fxg5 20. Qxg5+ Kf7 21. Nh5 f4 22. Rxf4+
exf4 23. Rxf4+ $18) 20. exf5 d5 21. Nh5+ Kh8 22. Ne6 Bxe6 23. fxe6 Ng8 24. Nxf6
$16) (19. gxf5 $2 Kh8) 19... Bb7 (19... Nc6 20. Nh5+ Kh8 21. Qh6 Rf7 22. Nh4
$18) 20. Nh5+ $6 (20. Ng5 $1 fxg5 21. f6+ Kh8 (21... Nxf6 22. Qxg5+) 22. fxe7
Rf4 23. Bxb7 Qxb7 24. Ne4 $16) 20... Kh8 21. Qh6 $6 (21. Nh4 $1 Bxg2 (21... Rg8
22. Qh6 Raf8 23. g5 $18) (21... Ng8 22. g5 $1) 22. Qh6 $1 Rf7 23. Ng6+ Kg8 24.
Nxe7+ Rxe7 25. Rxg2 Rf7 26. g5 $16) 21... Rf7 22. Nh4 Rg8 (22... Bxg2 23. Rxg2
Rg8 $14) 23. Bxb7 Qxb7 24. Rg2 {Weiß bereitet den Vorstoß g5 vor.} Qb8 (24...
Qd5 $1 25. Kh1 Qd4 (25... Qxa2 26. b3 d5 27. g5 fxg5 28. Qe6 Rgf8 29. Qxd7 gxh4
30. Rfg1 (30. f6 Ng6 31. Qxd5 $13)) 26. b3 $13) 25. Kh1 Qf8 26. Qe3 d5 27. Rfg1
d4 28. Qe4 {Jetzt hat Weiß wieder eine gute Ausgangsstellung für einen
kraftvollen Angriff.} Qa8 $1 (28... Qb8 29. g5 $5) 29. Nf3 Rff8 30. g5 fxg5 31.
Nxg5 Qxe4 32. dxe4 Nf6 33. Nxf6 Rxf6 34. b3 $1 {Legt den Bauern auf c5 als ein
Angriffsziel für Weiß fest. /\Ne6} c4 $2 35. bxc4 a5 36. c5 Rc8 37. Nf3 (37.
Ne6 $16) 37... Ng6 (37... Rxc5 38. Rg7 Ng6 39. Rb7 $16) 38. Rg5 (38. Rg3 $142)
38... Rff8 $2 39. R1g3 $18 Nf4 40. Nxe5 Rce8 41. Rg8+ 1-0

[Event "EU-ch 3rd"]
[Site "Batumi"]
[Date "2002.06.17"]
[Round "6"]
[White "Radulski, Julian"]
[Black "Popov, Valerij"]
[Result "1-0"]
[WhiteElo "2501"]
[BlackElo "2575"]
[Annotator "Bangiev,A"]
[PlyCount "157"]
[EventDate "2002.06.12"]
[EventType "swiss"]
[EventRounds "13"]
[EventCountry "GEO"]
[SourceTitle "CBM 090"]
[Source "ChessBase"]
[SourceDate "2002.09.20"]
[SourceVersion "1"]
[SourceVersionDate "2002.09.20"]
[SourceQuality "1"]

1. e4 c5 2. Nc3 d6 3. f4 g6 4. Nf3 Bg7 5. Bb5+ Bd7 6. Bxd7+ Qxd7 7. O-O Nc6 8.
d3 Nf6 9. h3 {/\Be3} O-O (9... Nd4 $6 10. Nxd4 cxd4 11. Ne2) 10. Be3 {Weiß
beabsichtigt die Dame auf h4 zu platzieren (Qe1-h4), möchte zuerst den
Springerzug auf d4 zu verhindern.} b6 (10... Ne8 $5 11. Qd2 Nd4 12. Rae1 $14) (
10... b5 11. Qd2 b4 12. Ne2 Rab8 13. f5 $1 {1-0 Padevsky,N-Browne,W/Amsterdam
1972/(38)}) 11. Qe1 Rad8 12. Qh4 d5 13. Bf2 (13. e5 d4 $1) (13. Ne5 Qe6 $15)
13... dxe4 (13... Nb4 $5 14. Rfc1 Nc6 15. a3) 14. dxe4 h6 (14... Nb4 $5 15.
Rad1 Qc7 (15... Qe6 16. Ng5 Qc4 17. e5 Nh5 18. g4 $1 $40) 16. a3 Nxc2 17. e5
Nd4 18. Nxd4 (18. exf6 Nxf3+) 18... cxd4 19. Rxd4 $36) 15. Be3 Nd4 16. Qf2 Qb7
$5 17. Rae1 Nxf3+ 18. Qxf3 e6 19. Rd1 (19. f5 $6 exf5 20. exf5 Qxf3 21. Rxf3
Rfe8) 19... Qa8 $11 20. Bf2 $5 {/\Bh4} Nh7 $6 {Dies soll den Vorstoß g5 zu
unterstützen.} (20... Nh5 21. g4) 21. Qe2 (21. Bh4 Rd4) 21... g5 {Schwarz
bemüht sich auf jeden Preis Initiative zu ergreifen, das Spiel zu komplizieren.
} 22. g3 {Weiß dagegen bemüht sich in der Stellung Ausgleich zu halten.} (22.
fxg5 $5 Bxc3 (22... Nxg5 23. e5) (22... hxg5 23. e5) 23. bxc3 Rxd1 (23... Nxg5
24. Rde1 $14) 24. Rxd1 Nxg5 25. Re1 $14) 22... Kh8 23. Kh2 Rg8 24. Rxd8 $1 Rxd8
25. Be1 $14 Rd7 26. e5 gxf4 27. gxf4 Nf8 28. Bg3 Ng6 29. Rd1 Rxd1 30. Qxd1 Ne7
31. Bh4 Nf5 32. Qd8+ Qxd8 33. Bxd8 {[%mdl 4096] Ein Leichfigurenendspiel ist
entstanden. Die Chancen von Weiß sind hier höher zu bewerten, da er am
Damenflügel ein wesentlich aktiveres Figurenspiel hat.} Nd4 34. a4 Kh7 (34...
Nxc2 35. Nb5 $16) 35. Nb5 Nc6 (35... Nxb5 36. axb5 Kg6 37. Bc7 Kf5 38. Kg3 f6
39. exf6 Bxf6 40. Bb8 Bxb2 41. Bxa7 Bc1 42. Bxb6 Bxf4+ 43. Kf3 Bd6 44. c4 $16)
36. Bc7 f6 37. exf6 Bxf6 $11 38. b3 Be7 39. Kg3 Kg6 40. Kg4 h5+ 41. Kf3 Kf5 42.
Ke3 Bf8 43. c3 Bh6 44. Nd6+ Kf6 45. Ke4 Ke7 46. Nc4 Bg7 47. Be5 Bxe5 48. Nxe5
Nb8 49. f5 Kf6 50. fxe6 Kxe6 51. Nd3 $14 {Weiß steht schon besser.} c4 $6 52.
Nf4+ Kf6 53. b4 $1 {In Folge soll Weiß den Bauern c4 gewinnen.} Kg5 54. Ng2 Nc6
55. Kd5 Nxb4+ $6 56. cxb4 c3 57. Ne3 Kh4 58. Kd4 Kxh3 59. Kxc3 Kg3 60. Kd4 Kf3
61. Nf5 Kf4 62. Nh4 Kg4 63. Ng6 Kf5 64. Ne7+ Kf4 65. b5 Kf3 66. Ng6 Kf2 67. Ke4
Ke2 68. Kd5 Kf3 69. Kc6 Kg4 70. Kb7 Kg5 71. Ne5 Kf4 72. Kxa7 Kxe5 73. a5 bxa5
74. b6 h4 75. b7 Kf4 76. b8=Q+ Kg4 77. Qc8+ Kg3 78. Qc7+ Kg2 79. Qxa5 1-0

[Event "EU-Cup 18th"]
[Site "Kallithea"]
[Date "2002.09.22"]
[Round "1.5"]
[White "Pilaj, Herwig"]
[Black "Kempinski, Robert"]
[Result "0-1"]
[WhiteElo "2312"]
[BlackElo "2587"]
[Annotator "Bangiev,A"]
[PlyCount "40"]
[EventDate "2002.09.22"]
[EventType "team-swiss"]
[EventRounds "7"]
[EventCountry "GRE"]
[SourceTitle "CBM 092"]
[Source "ChessBase"]
[SourceDate "2003.02.06"]
[SourceVersion "1"]
[SourceVersionDate "2003.02.06"]
[SourceQuality "1"]
[WhiteTeam "Klagenfurt"]
[BlackTeam "Warsaw Polonia"]
[WhiteTeamCountry "AUT"]
[BlackTeamCountry "POL"]

1. e4 c5 2. Nc3 a6 3. g3 b5 4. Bg2 Bb7 5. d3 e6 6. Nh3 {Ein seltener, aber
interessanter Zug. Die Idee besteht vor allem darin, der Dame auf d1 die
Diagonale d1-h5 frei zu halten. Zugleich kann Weiß besser das Feld d5
kontrollieren. (Man beachte Nf4).} Nf6 7. O-O d6 (7... d5 8. e5 Nfd7 9. f4) 8.
f4 Nc6 9. f5 $5 (9. a3 $5 {Dies sollte gegen b4 gerichtet sein, um den Druck
auf den weißen Feldern aufrecht zu halten, z.B.} Be7 10. Bd2 (10. g4 h5 $1 11.
g5 Ng4) 10... O-O 11. g4 $1) (9. g4 b4) 9... exf5 (9... b4 10. Ne2 (10. e5 dxe5
11. Ne4 exf5 12. Rxf5 Be7 13. Be3 Nxe4 14. Bxe4 g6 15. Rf2 f5 16. Bg2 O-O $17 {
0-1 Mork,K-Kulaots,K/Bergen 2002/CBM 89 ext (38)}) 10... e5 11. c4 Be7 12. Nf2
a5 13. g4 h6 14. Ng3 Nd4 15. Be3 Nd7 $1 $15 {1-0 Ivanov,S-Seeman,T/Laukaa 2000/
EXT 2002 (41)}) 10. exf5 Be7 11. g4 b4 12. Nd5 Nxd5 13. Bxd5 Qd7 {/\Bf6
gefolgt von 0-0-0} (13... h5 14. g5 $1) 14. Nf4 {Die weiße Initiative am
Königsflügel ist gut entwickelt. Das Problem ist aber, daß der schwarze König
nach den Damenflügel möchte.} (14. Re1 h5 15. g5 Qxf5) 14... Bf6 $1 {/\0-0-0} (
14... O-O-O 15. Bxf7) 15. Qe2+ (15. Re1+ Be5 16. a3 $5) 15... Be5 16. Ne6 $2 {
[%mdl 8704] Schön aber unkorrekt.} (16. a3 $5) 16... fxe6 17. fxe6 Qc7 18. Rf7
Ne7 19. Bg5 Bd4+ 20. Kf1 Bxd5 $19 0-1